| 000 | 00924cam a2200265 i 4500 | ||
|---|---|---|---|
| 001 | bg | ||
| 003 | KOSZ 005 | ||
| 005 | 20200416124259.0 | ||
| 008 | 981103s1978 pl a f f |001 0 pol | ||
| 015 | _aPB 1986/5537 | ||
| 040 |
_aWA N _cKOSZ 005/HR _dKOSZ 005/HR |
||
| 080 | _a621.1:536.7 | ||
| 080 | _a(075.8) | ||
| 100 | 1 |
_aStaniszewski, Bogumił _d(1924-1995) _eAutor |
|
| 245 | 1 | 0 |
_aTermodynamika / _cBogumił Staniszewski. |
| 260 |
_aWarszawa : _bPańst. Wydaw. Naukowe, _c1978. |
||
| 300 |
_a455, [1] s., [1] k. tabl. : _brys., wykr. ; _c25 cm. |
||
| 504 | _aBibliogr. s. 458.- Indeks. | ||
| 521 | _aPodręcznik dla wydziałów mechanicznych politechnik. | ||
| 655 | 4 | _aPodręczniki akademickie | |
| 650 | 4 | _aTermodynamika techniczna | |
| 650 | 4 | _aTermodynamika | |
| 856 |
_uhttp://koha.tu.koszalin.pl/cgi-bin/koha/opac-detail.pl?biblionumber=24638 _yKatalog online BPK |
||
| 942 |
_2UKD _cKS |
||
| 999 |
_c24638 _d24638 |
||